Postup tvorby koncepcie rozvoja výrobkových štruktúr.

Koncepčné riadenie, jeho štruktúra a vývoj. Metodika tvorby koncepcie rozvoja výrobkových štruktúr v strojárskom podniku. Výrobný program, jeho tvorba. Využitie výpočtovej techniky pri tvorbe koncepcie rozvoja. Optimalizácia výrobkových štruktúr výrobného programu. Programové zabezpečenie výpočtov.

Gespeichert in:
Bibliographische Detailangaben
1. Verfasser: Jakubovský, J.
Weitere Verfasser: Rybanský, R., Sakál, Peter
Format: Buchkapitel
Sprache:Slowakisch
Schlagworte:
Tags: Tag hinzufügen
Keine Tags, Fügen Sie das erste Tag hinzu!

MARC

LEADER 00000naa a2200000 4500
001 r007337
005 20221125080845.5
041 0 |a slo 
044 |a [CS] 
245 1 0 |a Postup tvorby koncepcie rozvoja výrobkových štruktúr.  |c J. Jakubovský, R. Rybanský, P. Sakál 
520 |a Koncepčné riadenie, jeho štruktúra a vývoj. Metodika tvorby koncepcie rozvoja výrobkových štruktúr v strojárskom podniku. Výrobný program, jeho tvorba. Využitie výpočtovej techniky pri tvorbe koncepcie rozvoja. Optimalizácia výrobkových štruktúr výrobného programu. Programové zabezpečenie výpočtov. 
610 2 0 |a riadenie 
610 2 0 |a koncepcie 
610 2 0 |a štruktúra výrobkov 
610 2 0 |a podnik strojársky 
610 2 0 |a využitie počítačov 
610 2 0 |a programy výrobné 
610 2 0 |a technika výpočtová 
100 1 |a Jakubovský, J. 
700 1 |a Rybanský, R. 
700 1 |a Sakál, Peter